000 00278nam a22001217a 4500
008 170823b xxu||||| |||| 00| 0 eng d
041 _aeng
080 _a51
100 _a38
101 _aMAT
245 _aRADICALY ELEMENTARRY PROBILITY THEORY
_cNELSON.E
942 _2udc
_cBK
999 _c24717
_d24717